| 000 | 00654nam a22002537a 4500 | ||
|---|---|---|---|
| 003 | UA-OsUOA | ||
| 001 | 130803 | ||
| 007 | ta | ||
| 008 | 20180514b un ||||| |||| 00| 0 ukr d | ||
| 100 | _aGerritsen T. | ||
| 090 | _a821.111 | ||
| 942 | _cBK | ||
| 040 |
_aUA-OsUOA _beng _cUA-OsUOA _dUA-OsUOA |
||
| 245 | _aThe Surgeon | ||
| 300 | _a355 p. | ||
| 955 | _a3 | ||
| 041 | _aeng | ||
| 080 | _a821.111 | ||
| 591 | _aПолковський В. | ||
| 260 |
_aNew York _bBallantine Books _c2001 |
||
| 650 | 7 |
_a82 Література. Літературознавство _2UDC |
|
| 999 |
_c419061 _d419061 |
||